Statistics for Airlines of the UK by IATA code

Click here to take the quiz!

General Stats

  • This quiz has been taken 757 times
  • The average score is 5 of 11

Answer Stats

Hint Answer % Correct
BABritish airways
100%
VSVirgin atlantic
76%
U2Easyjet
69%
BEFlybe
57%
TCXThomas cook
50%
BMBMI (regional)
49%
LSJet 2
42%
ZBMonarch
38%
BYThomson
38%
T3Eastern airways
15%
ZTTitan airways
14%

Score Distribution

Percentile by Number Answered

Percent of People with Each Score

Your Score History

You have not taken this quiz